Ethnic factors in health and disease / (Record no. 772)

MARC details
000 -LEADER
fixed length control field 01000nam a2200277 a 4500
001 - CONTROL NUMBER
control field 665214
003 - CONTROL NUMBER IDENTIFIER
control field OSt
005 - DATE AND TIME OF LATEST TRANSACTION
control field 20141120131446.0
008 - FIXED-LENGTH DATA ELEMENTS--GENERAL INFORMATION
fixed length control field 941028s1994 enka b 001 0 eng
010 ## - LIBRARY OF CONGRESS CONTROL NUMBER
LC control number 94224408
020 ## - INTERNATIONAL STANDARD BOOK NUMBER
International Standard Book Number 0750619694
040 ## - CATALOGING SOURCE
Original cataloging agency DLC
Transcribing agency DLC
050 00 - LIBRARY OF CONGRESS CALL NUMBER
Classification number RA563.M56
Item number E84 1994
082 00 - DEWEY DECIMAL CLASSIFICATION NUMBER
Classification number WB 720 CRU 1989
Edition number 20
245 00 - TITLE STATEMENT
Title Ethnic factors in health and disease /
Statement of responsibility, etc. J.K. Cruickshank, D.G. Beevers.
260 ## - PUBLICATION, DISTRIBUTION, ETC. (IMPRINT)
Place of publication, distribution, etc. Oxford ;
-- Boston :
Name of publisher, distributor, etc. Butterworth Heinemann,
Date of publication, distribution, etc. 1994.
300 ## - PHYSICAL DESCRIPTION
Extent xx, 324 p. :
Other physical details ill. ;
Dimensions 24 cm.
504 ## - BIBLIOGRAPHY, ETC. NOTE
Bibliography, etc Includes bibliographical references and index.
650 #0 - SUBJECT ADDED ENTRY--TOPICAL TERM
Topical term or geographic name as entry element Minorities
General subdivision Health and hygiene
-- Cross-cultural studies.
9 (RLIN) 2072
650 #0 - SUBJECT ADDED ENTRY--TOPICAL TERM
Topical term or geographic name as entry element Minorities
General subdivision Diseases
-- Cross-cultural studies.
9 (RLIN) 2073
700 1# - ADDED ENTRY--PERSONAL NAME
Personal name Cruickshank, J. K.
Fuller form of name (John Kennedy)
9 (RLIN) 2074
700 1# - ADDED ENTRY--PERSONAL NAME
Personal name Beevers, D. G.
Fuller form of name (D. Gareth)
9 (RLIN) 2075
906 ## - LOCAL DATA ELEMENT F, LDF (RLIN)
a 7
b cbc
c orignew
d 2
e ncip
f 19
g y-gencatlg
942 ## - ADDED ENTRY ELEMENTS (KOHA)
Source of classification or shelving scheme Other/Generic Classification Scheme
Koha item type Short Loan
Holdings
Withdrawn status Lost status Source of classification or shelving scheme Damaged status Not for loan Home library Current library Date acquired Source of acquisition Inventory number Total Checkouts Full call number Barcode Date last seen Price effective from Koha item type
    Other/Generic Classification Scheme     MUST Main Library MUST Main Library 20/11/2014 Purchase 2002/171158   WB 720 CRU 1989 2014-3391 20/11/2014 20/11/2014 Short Loan